00313nam a2200097Ia 4500008004100000020001800041082001800059100002700077245010300104300000800207210430s9999 xx 000 0 und d a0-8129-2913-6 a973.929 C636B aPresident Bill Clinton aBetween Hope and History Meeting America's Challenges for the 21st CenturycPresident Bill Clinton a178